Music Quiz

Random Music or Artist Quiz

Music Fan Nickname Match Quiz Stats

Quiz Updated Feb 10, 2015

Challenge
Share
Tweet
Embed
Score 0/25 Timer 04:00
2 Plays Today
% Correct
The Beatles
97.5%
Justin Bieber
97.4%
Katy Perry
97.4%
Taylor Swift
97.3%
Led Zeppelin
96.9%
One Direction
96.4%
Wayne Newton
96.2%
Beyoncé
95.1%
Clay Aiken
94.8%
Barry Manilow
94.1%
Phish
93.5%
Hanson
92.4%
Adam Lambert
92.2%
% Correct
Grateful Dead
92%
Crowded House
90.5%
New Kids On The Block
86.9%
The Killers
81%
My Chemical Romance
75.2%
Lady Gaga
73.7%
Jimmy Buffett
69.2%
Insane Clown Posse
65.7%
Slipknot
55.5%
Mariah Carey
36.3%
Aerosmith
33.4%
Bruno Mars
30.1%

You're not logged in!

Compare scores with friends on all Sporcle quizzes.
Join for Free
OR
Log In

You Might Also Like...

Show Comments

Extras

Top Quizzes Today


Score Distribution

Your Account Isn't Verified!

In order to create a playlist on Sporcle, you need to verify the email address you used during registration. Go to your Sporcle Settings to finish the process.

Report this User

Report this user for behavior that violates our Community Guidelines.

Details: